000 00909nam a22002177a 4500
999 _c26395
_d26395
003 BDDh-ASL
005 20231016062614.0
008 201114s1959 b ||||| |||| 00| 0 b d
040 _aBDDh-ASL
_cBDDh-ASL
041 _aben
082 _a928.99162
_bMUJ
100 1 _94864
_aমুখোপাধ্যায়, ভবানী
245 1 0 _aজর্জ বার্নাড শ /
246 _aJarj Barnad Shaw /
260 _aকলিকাতা:
_bবেঙ্গল পাবলিশার্স প্রাইভেট লিমিটেড,
_c১৯৫৯।
300 _a৩৮৪ পৃষ্ঠা, :
_c২২ সে. মি.
504 _aগ্রন্থপঞ্জি সংযুক্ত ।
600 1 0 _94865
_aশ, জর্জ বার্নাড
650 0 _abiographical dictionary - চরিতাভিধান
_xসাহিত্য
_94665
942 _2ddc
_cBK